MARC details
| 000 -CABECERA |
| campo de control de longitud fija |
01329nam a2200373 4500 |
| 003 - IDENTIFICADOR DEL NÚMERO DE CONTROL |
| campo de control |
EC-UNACH |
| 005 - FECHA Y HORA DE LA ÚLTIMA TRANSACCIÓN |
| campo de control |
20250422161105.0 |
| 006 - CÓDIGOS DE INFORMACIÓN DE LONGITUD FIJA--CARACTERÍSTICAS DEL MATERIAL ADICIONAL |
| campo de control de longitud fija |
s||||gr|||| 00| 00 |
| 008 - DATOS DE LONGITUD FIJA--INFORMACIÓN GENERAL |
| campo de control de longitud fija |
150116t9999 mx r gr 000 0 spa d |
| 020 ## - NÚMERO INTERNACIONAL ESTÁNDAR DEL LIBRO |
| Número Internacional Estándar del Libro |
978-9942-661-45-6 |
| 040 ## - FUENTE DE LA CATALOGACIÓN |
| Centro catalogador/agencia de origen |
EC-UNACH |
| Centro/agencia transcriptor |
EC-UNACH |
| 041 ## - CÓDIGO DE LENGUA |
| Código de lengua del texto/banda sonora o título independiente |
spa |
| 082 04 - NÚMERO DE LA CLASIFICACIÓN DECIMAL DEWEY |
| Número de edición |
23 |
| Número de clasificación |
338.9 |
| Número de documento/Ítem |
L017696 |
| 100 ## - ENTRADA PRINCIPAL--NOMBRE DE PERSONA |
| Nombre de persona |
Hernández Medina, Patricia / Gurría Gascón, José Luis |
| 245 ## - MENCIÓN DE TÍTULO |
| Título |
Desarrollo sostenible: Dimensiones social y económica |
| 250 ## - MENCIÓN DE EDICIÓN |
| Mención de edición |
Primera Edición |
| 264 ## - Producción, publicación, distribución, fabricación y copyright |
| Lugar de producción, publicación, distribución, fabricación |
Riobamba - Ecuador |
| Nombre del de productor, editor, distribuidor, fabricante |
Editorial UNACH |
| Fecha de de producción, publicación, distribución, fabricación o copyright |
2024 |
| 264 ## - Producción, publicación, distribución, fabricación y copyright |
| Lugar de producción, publicación, distribución, fabricación |
Producción UNACH |
| 300 ## - DESCRIPCIÓN FÍSICA |
| Extensión |
224 páginas |
| 501 ## - NOTA DE "CON" |
| Nota de “Con” |
Incluye índice |
| 505 ## - NOTA DE CONTENIDO CON FORMATO |
| Nota de contenido con formato |
Capítulo 1. El desarrollo sostenible: conceptualización -- Capítulo 2. Capital social como parte de la dimensión social del desarrollo sostenible. |
| 650 ## - PUNTO DE ACCESO ADICIONAL DE MATERIA--TÉRMINO DE MATERIA |
| Término de materia o nombre geográfico como elemento inicial |
DESARROLLO SOSTENIBLE |
| 650 ## - PUNTO DE ACCESO ADICIONAL DE MATERIA--TÉRMINO DE MATERIA |
| Término de materia o nombre geográfico como elemento inicial |
CAPITAL SOCIAL |
| 650 ## - PUNTO DE ACCESO ADICIONAL DE MATERIA--TÉRMINO DE MATERIA |
| Término de materia o nombre geográfico como elemento inicial |
ECONOMÍA SOCIAL |
| 650 ## - PUNTO DE ACCESO ADICIONAL DE MATERIA--TÉRMINO DE MATERIA |
| Término de materia o nombre geográfico como elemento inicial |
VINCULACIÓN |
| 650 ## - PUNTO DE ACCESO ADICIONAL DE MATERIA--TÉRMINO DE MATERIA |
| Término de materia o nombre geográfico como elemento inicial |
CAPITAL SOCIAL |
| 650 ## - PUNTO DE ACCESO ADICIONAL DE MATERIA--TÉRMINO DE MATERIA |
| Término de materia o nombre geográfico como elemento inicial |
AMÉRICA LATINA |
| 650 ## - PUNTO DE ACCESO ADICIONAL DE MATERIA--TÉRMINO DE MATERIA |
| Término de materia o nombre geográfico como elemento inicial |
EMPRENDIMIENTOS |
| 856 ## - LOCALIZACIÓN Y ACCESO ELECTRÓNICOS |
| Identificador Uniforme del Recurso |
<a href="https://doi.org/10.37135/u.editorial.05.139">https://doi.org/10.37135/u.editorial.05.139</a> |
| Texto de enlace |
Libro Digital - Desarrollo sostenible: Dimensiones social y económica |
| 942 ## - ELEMENTOS DE PUNTO DE ACCESO ADICIONAL (KOHA) |
| Fuente del sistema de clasificación o colocación |
Clasificación Decimal Dewey |
| Tipo de ítem Koha |
Libro electrónico |
| 999 ## - NÚMEROS DE CONTROL DE SISTEMA (KOHA) |
| Koha biblionumber |
13542 |